000 00317nam a2200133Ia 4500
008 240624s9999 xx 000 0 und d
041 _aeng
082 _a332 MOL
100 _aMOLYNEUX PHILIP
245 _aFINANCIAL INNOVATION
260 _c1999
_aChichester
_bJohn Wiley & Sons
300 _a316 : p.
365 _cRS
999 _c16675
_d16675